000 00884nas a2200289 4500
001 BR0203119
003 BR-BrBNA
005 20231205103040.0
007 ta
008 230509b bl.|||p| |||| 00| 00por d
040 _aBR-BrBNA
_bpor
_cBiblioteca Nacional de Agricultura
041 _a(Pt)
072 _aL74; L01
100 1 _aCappelle, E.R.
100 1 _aValadares Filho, S. de C.
100 1 _aSilva, J.F.C. da
100 1 _aCecon, P.R.
245 1 _aEstimativas do consumo e do ganho de peso de bovinos, em condições brasileiras
650 _aBOVINO
650 _aGANHO DE PESO
650 _aMATÉRIA SECA
650 _aRAÇÃO
650 _aDEFICIÊNCIA NUTRICIONAL
773 0 _tRevista Brasileira de Zootecnia (Brazil)
_xISSN 1516-3598
_g(Nov-Dec 2001), v. 30(6) p. 1857-1865
_wBR0203119
909 _a202311
_bLúcia
_c55
_dLúcia Elande
942 _2AGRIS
_n0
_cANA
999 _c170776
_d170776